00285nam a2200121Ia 45000030006000000080041000060400015000471000016000622450040000782600016001185460012001340050017001460STCL150530s9999 xx 000 0 und d aSTCLcSTCL aZiman, J.M. aElements of advanced Quantum theory bVikasc1980 aEnglish20220125170133.0